Đặc trưng truyện ngắn Nam Cao

Hình tượng nhân vật trong truyện ngắn Nam Cao. Đặc trưng ngôn ngữ, kết cấu truyện ngắn Nam Cao.

Сохранить в:
Библиографические подробности
Главный автор: Hoàng Thị Liên
Другие авторы: Đinh Lựu TS (Hướng dẫn)
Формат:
Язык:Vietnamese
Опубликовано: Đà Nẵng Đà Nẵng Trường Đại học Sư phạm 2008
Предметы:
Метки: Добавить метку
Нет меток, Требуется 1-ая метка записи!
Thư viện lưu trữ: Mạng thư viện Đại học Đà Nẵng
LEADER 01349nam a2200337 4500
001 000010991
003 7218
005 20111227151238.0
008 111227s2008 viesd
041 |a vie 
072 |a Khóa luận tốt nghiệp 
082 |a 895.9223  |b HO-L 
100 1 |a Hoàng Thị Liên 
245 1 |a Đặc trưng truyện ngắn Nam Cao  |c Hoàng Thị Liên 
260 |a Đà Nẵng Đà Nẵng  |b Trường Đại học Sư phạm  |c 2008 
300 |a 63 tr.  |b ảnh  |c 29 cm 
500 |a Khóa luận tốt nghiệp Đại học. Chuyên ngành: Ngành Sư phạm Ngữ văn 
520 |a Hình tượng nhân vật trong truyện ngắn Nam Cao. Đặc trưng ngôn ngữ, kết cấu truyện ngắn Nam Cao. 
653 |a Khoa Ngữ văn 
653 |a Khóa luận tốt nghiệp Đại học 
700 1 |a Đinh Lựu  |c TS  |e Hướng dẫn 
OWN |a LSP 
AVA |a UDN50  |b LSP  |d 895.9223 HO-L  |e available  |t Error 5001 Not defined in file expand_doc_bib_avail.  |f 1  |g 0  |h N  |i 0  |k 1 
999 |a From the UDN01 
AVA |a UDN50  |b LSP  |d 895.9223 HO-L  |e available  |t Error 5001 Not defined in file expand_doc_bib_avail.  |f 1  |g 0  |h N  |i 0  |k 1 
TYP |a Monograph 
TYP |a Printed language 
980 |a Mạng thư viện Đại học Đà Nẵng